| Поле | Инд. | ПП | Название | Значение |
|---|---|---|---|---|
| Тип записи | a | |||
| Библиографический уровень | b | |||
| 001 | Контрольный номер | RU/IS/BASE/322577790 | ||
| 005 | Дата корректировки | 20200630193234.2 | ||
| 008 | Кодируемые данные | 20100322 | ||
| 040 | b | Код языка каталог. | rus | |
| e | Правила каталог. | PSBO | ||
| 041 | 0_ | a | Код языка текста | rus |
| 084 | a | Индекс другой классификации/Индекс ББК | 66.033.141.22 | |
| 100 | 1_ | a | Автор | Павроз А. В. |
| q | Полное имя | Павроз Александр Васильевич | ||
| 245 | 10 | a | Заглавие | Корпоративизм: истоки, эволюция, современное состояние |
| 504 | a | Библиография | Библиогр.: с. 61 | |
| 520 | 0_ | a | Аннотация | Настоящая статья посвящена исследованию корпоративизма как теоретической доктрины и практики социально-политических отношений. В статье рассматриваются предпосылки возникновения, концептуальные основы и эволюция корпоративизма. Выявляется специфика корпоративизма как модели социально-политического взаимодействия и института формирования государственной политики современных западных обществ. Отдельно в статье дается анализ практики использования и перспектив развития корпоративистской модели социально-политического взаимодействия в России |
| 650 | 14 | a | Основная рубрика | политика |
| a | Основная рубрика | политология | ||
| 653 | 1_ | a | Ключевые слова | государственное управление |
| a | Ключевые слова | группы интересов | ||
| a | Ключевые слова | корпоративизм | ||
| a | Ключевые слова | корпорации | ||
| a | Ключевые слова | общественно-политическое устройство | ||
| a | Ключевые слова | Россия | ||
| a | Ключевые слова | социальная солидарность | ||
| 773 | 08 | t | Заглавие источника | Вестник Московского университета. Серия 18, Социология и политология |
| d | Дата издания источника | 2009 | ||
| g | Прочая информация | № 4. - С. 50 - 61 | ||
| w | Контрольный № источника | RU/IS/BASE/317399284 | ||
| 901 | t | Тип документа | b |